| 000 | 01019cab a22002055a 4500 | ||
|---|---|---|---|
| 001 | E142355 | ||
| 008 | 080207e200712 stk f 000 0 eng d | ||
| 035 | _a(Sirsi) u142355 | ||
| 041 | 0 | _aeng | |
| 100 | 1 | _aPaisley, Roderick R. M. | |
| 245 | 0 | 0 | _aClear view |
| 260 | _c2007 | ||
| 490 | 0 |
_aJournal of the Law Society of Scotland _v52(12) December, 50(2) |
|
| 520 | _aDiscusses the House of Lords decision in the servitude case of Moncreiff v Jamieson which the author states is very beneficial to property lawyers providing much needed clarity which has extensive implications for the drafting of conveyancing deeds. The decision determined that a person who owned land at the bottom of a sea cliff could park their car on land owned by someone else at the top of the cliff and then proceed to their own property on foot. | ||
| 590 | _aKA | ||
| 650 | 2 | 4 | _aMONCRIEFF AND ANOTHER V JAMIESON AND OTHERS |
| 651 | 4 |
_aScotland _y1999- |
|
| 690 | _aPROPERTY-PROPERTY ACQUISITION AND DISPOSAL-CONVEYANCING | ||
| 942 | _n0 | ||
| 999 |
_c79790 _d79790 |
||